[Event "OI Bled m01/01/03"]
[Site "?"]
[Date "2002.10.26"]
[Round "1.1"]
[White "Ramirez (CRC), Alejandro"]
[Black "Morozevich (RUS), Alexander"]
[Result "1/2-1/2"]
[WhiteElo "2421"]
[BlackElo "2707"]
[PlyCount "118"]
[EventDate "2002.??.??"]

1. e4 e6 2. d4 d5 3. exd5 exd5 4. Nf3 Bd6 5. c4 dxc4 6. Bxc4 Nf6 7. O-O O-O 8.
h3 h6 9. Qc2 Nc6 10. Nc3 Nb4 11. Qb1 Be6 12. Bxe6 fxe6 13. Re1 Qe8 14. Ne4 Nbd5
15. Nc5 Bxc5 16. dxc5 Nd7 17. Qc2 c6 18. Be3 Rxf3 19. gxf3 Qh5 20. Qe4 Ne5 21.
Kg2 Nf6 22. Qf4 Ng6 23. Qg3 Nh4+ 24. Kh1 Kh7 25. Bf4 Nxf3 26. Re3 Nd4 27. Re5
Nf5 28. Qg2 Rd8 29. f3 Rd4 30. Bh2 Rh4 31. Rg1 Qf7 32. Rge1 Nd7 33. Rxe6 Nxc5
34. R6e2 Qh5 35. Rg1 Rxh3 36. Re5 Nd3 37. Rxf5 Rxh2+ 38. Qxh2 Qxf5 39. Rg3 Nf4
40. Rg4 g5 41. Qd2 h5 42. Rg3 Kh6 43. Kh2 Qe5 44. Kh1 Ne2 45. Rg2 Ng3+ 46. Kg1
h4 47. Rh2 Nf5 48. Re2 Qf6 49. Re4 c5 50. Kg2 Kh5 51. Qd7 Qxb2+ 52. Kh3 Ng7 53.
Qg4+ Kh6 54. f4 Qc3+ 55. Kh2 Qd2+ 56. Kg1 Qc1+ 57. Kh2 Qd2+ 58. Kg1 Qc1+ 59.
Kh2 Qd2+ 1/2-1/2

[Event "Bled 2002"]
[Site "Bled"]
[Date "2002.11.27"]
[Round "02"]
[White "Fedorov Alexei"]
[Black "Grischuk Alexander"]
[Result "1/2-1/2"]
[WhiteTitle "GM"]
[WhiteElo "2564"]
[WhiteCountry "BLR"]
[BlackTitle "GM"]
[BlackElo "2702"]
[BlackCountry "RUS"]
[Remark "Bled 2002"]
[PresId "0000020212"]

1. e4 c6 2. d3 e5 3. Nf3 Nf6 4. g3 d6 5. Bg2 g6 6. O-O Bg7 7. a4 O-O
8. a5 Re8 9. Nbd2 Na6 10. b3 b5 11. axb6ep axb6 12. Bb2 Bb7 13. d4
exd4 14. Nxd4 Nc7 15. Rxa8 Bxa8 16. Qa1 c5 17. N4f3 Bxe4 18. Nxe4 Rxe4
19. Rd1 Re2 20. Nd2 d5 21. Nc4 Rxc2 22. Ne3 Rxb2 23. Qxb2 Ne4 24. Qc2
Nc3 25. Rd3 Qa8 26. Rxc3 Qa1+ 27. Qc1 Bxc3 28. Qxa1 Bxa1 29. Nxd5
1/2-1/2

[Event "Bled 2002"]
[Site "Bled"]
[Date "2002.11.28"]
[Round "3"]
[White "Morozevich Alexander"]
[Black "Harikrishna P"]
[Result "1/2-1/2"]
[WhiteElo "2707"]
[BlackElo "2551"]
[PlyCount "91"]
[EventDate "2002.??.??"]

1. e4 c5 2. Nf3 Nc6 3. Bb5 Nf6 4. Nc3 g6 5. h3 Nd4 6. e5 Nxb5 7. Nxb5 Nd5 8.
Ng5 f5 9. O-O a6 10. Nc3 Nxc3 11. bxc3 e6 12. d4 h6 13. Nf3 b5 14. a4 Bb7 15.
Rb1 Bc6 16. axb5 axb5 17. dxc5 Bxc5 18. Nd4 Qh4 19. Nxc6 dxc6 20. Qf3 Qe4 21.
Qxe4 fxe4 22. c4 bxc4 23. Be3 Bxe3 24. fxe3 Rf8 25. Rfd1 Rd8 26. Rxd8+ Kxd8 27.
Rb8+ Ke7 28. Rb7+ Kd8 29. Rb4 Kc7 30. Rxc4 g5 31. Rxe4 Rf5 32. g3 c5 33. Kg2
Kc6 34. Ra4 Rxe5 35. Kf3 Rf5+ 36. Ke4 Rf2 37. Ra6+ Kd7 38. Ra7+ Kd6 39. Rh7
Rxc2 40. Rxh6 Rf2 41. Rg6 Rf5 42. Rg8 Re5+ 43. Kd3 Rf5 44. Kc4 Re5 45. Rg7 Kc6
46. Rg8 1/2-1/2

[Event "Bled 2002"]
[Site "Bled"]
[Date "2002.11.28"]
[Round "3"]
[White "Ganguly Surya Shekhar"]
[Black "Svidler Peter"]
[Result "0-1"]
[WhiteElo "2531"]
[BlackElo "2690"]
[PlyCount "86"]
[EventDate "2002.??.??"]

1. e4 c5 2. Nf3 d6 3. d4 cxd4 4. Nxd4 Nf6 5. Nc3 Nc6 6. Bg5 Qb6 7. Nb3 e6 8.
Qd2 Be7 9. O-O-O O-O 10. f3 a6 11. h4 Rd8 12. Be3 Qc7 13. Qf2 Nd7 14. g4 b5 15.
g5 Nce5 16. h5 b4 17. Ne2 a5 18. Kb1 a4 19. Nbd4 Nc5 20. g6 b3 21. gxh7+ Kh8
22. Rg1 Bf6 23. Qg2 Bb7 24. Bg5 Bxg5 25. Qxg5 f6 26. Qe3 bxc2+ 27. Nxc2 d5 28.
h6 g6 29. Qf4 dxe4 30. Qxf6+ Kxh7 31. Rxd8 Rxd8 32. Ned4 exf3 33. Rg5 Be4 34.
Qxe5 Qxe5 35. Rxe5 Rxd4 36. Kc1 Rd5 37. Rxd5 Bxd5 38. Kd2 Kxh6 39. Ke3 g5 40.
Nd4 g4 41. Kf4 Kh5 42. Nc2 Kh4 43. Ne3 g3 0-1

[Event "Bled 2002"]
[Site "Bled"]
[Date "2002.11.28"]
[Round "3"]
[White "Rublevsky Sergei"]
[Black "Kunte Abhijit"]
[Result "1/2-1/2"]
[WhiteElo "2664"]
[BlackElo "2493"]
[PlyCount "127"]
[EventDate "2002.??.??"]

1. e4 e5 2. Nf3 Nc6 3. d4 exd4 4. Nxd4 Nf6 5. Nxc6 bxc6 6. e5 Qe7 7. Qe2 Nd5 8.
c4 Nb6 9. Nc3 Qe6 10. Qe4 d5 11. exd6 cxd6 12. Bd3 Qxe4+ 13. Bxe4 Bd7 14. b3
O-O-O 15. O-O Be7 16. Be3 Rhe8 17. Rac1 Kc7 18. Rfd1 Bf6 19. Bf3 Bf5 20. a4
Bxc3 21. Rxc3 Be4 22. a5 Nc8 23. Bg4 c5 24. f3 Bg6 25. Bf4 Ne7 26. Re3 f5 27.
Bh3 Nc6 28. Rxe8 Bxe8 29. Bxf5 Nd4 30. Bd3 Bg6 31. Bg5 Re8 32. b4 Bxd3 33. Rxd3
Re1+ 34. Kf2 Re2+ 35. Kf1 Rc2 36. bxc5 dxc5 37. Re3 h6 38. Bf4+ Kd7 39. Be5 g6
40. Bf6 Rc1+ 41. Re1 Rxc4 42. Re7+ Kc6 43. Rxa7 Rc1+ 44. Kf2 Rc2+ 45. Kg3 Ne2+
46. Kg4 Rc4+ 47. Kh3 Nf4+ 48. Kg3 Nh5+ 49. Kf2 Rc2+ 50. Ke3 Nxf6 51. Ra6+ Kb5
52. Rxf6 Rxg2 53. a6 Ra2 54. Rxg6 Rxa6 55. Rxa6 Kxa6 56. f4 Kb5 57. Ke4 c4 58.
Kd4 Kb4 59. f5 c3 60. f6 c2 61. f7 c1=Q 62. f8=Q+ Ka5 63. Qd8+ Ka6 64. Qd6+
1/2-1/2

[Event "Bled 2002"]
[Site "Bled"]
[Date "2002.10.29"]
[Round "4"]
[White "Kasparov, Garry"]
[Black "Mchedlishvili, Mikheil"]
[Result "1-0"]
[WhiteElo "2838"]
[BlackElo "2551"]
[PlyCount "69"]
[EventDate "2002.??.??"]

1. e4 c5 2. Nf3 d6 3. d4 Nf6 4. Nc3 cxd4 5. Nxd4 Nc6 6. Bg5 e6 7. Qd2 Qb6 8.
O-O-O Qxd4 9. Qxd4 Nxd4 10. Rxd4 a6 11. f3 Bd7 12. Na4 Bc6 13. Nb6 Rd8 14. Nc4
Be7 15. Na5 Rc8 16. Rb4 d5 17. Nxc6 bxc6 18. Rb7 Nd7 19. Bd2 Ra8 20. Rc7 Ne5
21. Bc3 Bd6 22. Bxe5 Bxe5 23. Rxc6 dxe4 24. Rxa6 Rxa6 25. Bxa6 exf3 26. gxf3
Ke7 27. a4 Rd8 28. h3 Rd4 29. Bb5 Rf4 30. Rd1 Rxf3 31. a5 Rf5 32. Rd7+ Kf6 33.
Rb7 Bf4+ 34. Kb1 Be3 35. a6 1-0

[Event "Bled 2002"]
[Site "Bled"]
[Date "2002.10.29"]
[Round "4"]
[White "Jobava, Baadur"]
[Black "Khalifman, Alexander"]
[Result "0-1"]
[WhiteElo "2570"]
[BlackElo "2690"]
[PlyCount "152"]
[EventDate "2002.??.??"]

1. d4 d5 2. c4 c6 3. Nc3 Nf6 4. Nf3 dxc4 5. a4 Bf5 6. Ne5 Nbd7 7. Nxc4 Qc7 8.
g3 e5 9. dxe5 Nxe5 10. Bf4 Nfd7 11. Bg2 g5 12. Nxe5 gxf4 13. Nxd7 O-O-O 14. Qd4
Qxd7 15. Qxf4 Bd6 16. Qh6 Kb8 17. O-O Qe6 18. Qxe6 Bxe6 19. a5 a6 20. Ne4 Bb4
21. Ra4 Be7 22. Rc1 Rd5 23. h4 Rhd8 24. Ng5 Bxg5 25. hxg5 Rxg5 26. Be4 Rd2 27.
Rb4 Kc7 28. Kf1 Rxa5 29. Ke1 Rd7 30. Bxh7 Rh5 31. Be4 a5 32. Bf3 Rf5 33. Rh4
Rb5 34. Rc2 a4 35. e4 Rd4 36. Be2 Rb3 37. e5 Rxh4 38. gxh4 Rb4 39. h5 Re4 40.
Rc3 Rxe5 41. h6 Re4 42. Rc5 Bg4 43. Rc4 Rxe2+ 44. Kf1 Bf3 45. Rf4 Re6 46. Rxf7+
Kb6 47. Rxf3 Rxh6 48. Ke2 Ka5 49. Rc3 Kb4 50. Kd2 Rf6 51. Ke3 Re6+ 52. Kd2 Rh6
53. Rf3 c5 54. Kc2 b5 55. Rf4+ c4 56. Rf5 Rc6 57. Rf3 Ra6 58. Ra3 Rf6 59. f3
Rh6 60. Re3 Rh2+ 61. Kc1 Rf2 62. Kb1 Kc5 63. Re5+ Kb6 64. Rf5 Ka5 65. Ka1 Kb4
66. f4 Re2 67. Rd5 Re3 68. Kb1 Rf3 69. f5 c3 70. Re5 Kc4 71. Ka2 Rf2 72. Kb1 b4
73. Re1 Rxf5 74. Rh1 Kb3 75. Kc1 Ra5 76. Kb1 c2+ 0-1

[Event "Bled 2002"]
[Site "Bled"]
[Date "2002.10.30"]
[Round "05"]
[White "Grischuk Alexander"]
[Black "Lputian Smbat"]
[Result "0-1"]
[WhiteTitle "GM"]
[WhiteElo "2702"]
[WhiteCountry "RUS"]
[BlackTitle "GM"]
[BlackElo "2627"]
[BlackCountry "ARM"]
[Remark "Bled 2002"]
[PresId "0000050012"]

1. e4 e6 2. d4 d5 3. e5 c5 4. c3 Nc6 5. Nf3 Qb6 6. a3 Nh6 7. b4 cxd4
8. cxd4 Nf5 9. Bb2 Be7 10. h4 h5 11. Bd3 a5 12. Bxf5 exf5 13. Nc3 Be6
14. b5 a4 15. Qd3 Na7 16. O-O Rc8 17. Bc1 Rc4 18. Rd1 Nxb5 19. Ne2 Qc6
20. Bg5 Bxg5 21. Nxg5 Nc3 22. Nxc3 Rxc3 23. Qe2 g6 24. Rd3 O-O 25.
Rad1 Rc8 26. Rxc3 Qxc3 27. Qb5 Qb3 28. Rb1 Rc1+ 29. Kh2 Qxb5 30. Rxb5
Rc4 31. Rxb7 Rxd4 32. Nxe6 fxe6 33. Re7 Rxh4+ 34. Kg3 Re4 35. Rxe6 Kf7
36. Rf6+ Ke7 37. Rxg6 Rg4+ 38. Rxg4 fxg4 39. Kf4 Kf7 40. f3 gxf3 41.
Kxf3 Ke6 42. Kf4 h4 43. Kg4 Kxe5 44. Kxh4 Kf4 45. g3+ Ke5 0-1

[Event "Bled 2002"]
[Site "Bled"]
[Date "2002.10.30"]
[Round "05"]
[White "Asrian Karen"]
[Black "Khalifman Alexander"]
[Result "1/2-1/2"]
[WhiteTitle "GM"]
[WhiteElo "2597"]
[WhiteCountry "ARM"]
[BlackTitle "GM"]
[BlackElo "2690"]
[BlackCountry "RUS"]
[Remark "Bled 2002"]
[PresId "0000050013"]

1. e4 c5 2. Nf3 Nc6 3. d4 cxd4 4. Nxd4 Nf6 5. Nc3 e5 6. Ndb5 d6 7. Bg5
a6 8. Na3 b5 9. Nd5 Be7 10. Bxf6 Bxf6 11. c3 Bg5 12. Nc2 O-O 13. a4
bxa4 14. Rxa4 a5 15. Bc4 Rb8 16. Ra2 Kh8 17. h4 Bh6 18. Nce3 Bxe3 19.
Nxe3 Ne7 20. b3 f5 21. exf5 Nxf5 22. Nxf5 Bxf5 23. O-O Be4 24. Bd5
Bxd5 25. Qxd5 Qxh4 26. Rxa5 Qf6 27. Ra6 e4 28. Rxd6 Qxc3 29. Qxe4 Qxb3
1/2-1/2


[Event "Bled 2002"]
[Site "Bled"]
[Date "2002.10.31"]
[Round "06"]
[White "Morozevich Alexander"]
[Black "Kurajica Bojan"]
[Result "1-0"]
[WhiteTitle "GM"]
[WhiteElo "2707"]
[WhiteCountry "RUS"]
[BlackTitle "GM"]
[BlackElo "2548"]
[BlackCountry "BIH"]
[Remark "Bled 2002"]
[PresId "0000060012"]

1. e4 d5 2. exd5 Qxd5 3. Nc3 Qd6 4. d4 Nf6 5. Nf3 a6 6. Be3 b5 7. Bd3
Bb7 8. Qe2 e6 9. O-O-O b4 10. Nb1 Nbd7 11. Nbd2 Nb6 12. Nb3 Qd5 13.
Kb1 Qh5 14. Rhg1 Na4 15. g4 Qd5 16. Ne5 Ne4 17. Bd2 Nxd2+ 18. Rxd2 Nb6
19. Re1 Be7 20. Nc5 Bxc5 21. dxc5 Qxc5 22. Nxf7 O-O 23. Ne5 Qe7 24.
Be4 Nd5 25. Ng6 Nc3+ 26. bxc3 hxg6 27. c4 Bxe4 28. Qxe4 Rae8 29. Qxg6
Rf6 30. Qe4 Qf7 31. g5 Rf5 32. h4 Rf4 33. Qc6 Rxh4 34. Rde2 Rd4 35.
Rxe6 Rf8 36. g6 Qxf2 37. Qxc7 Qf4 38. Qb7 1-0
*

[Event "Bled 2002"]
[Site "Bled"]
[Date "2002.10.31"]
[Round "06"]
[White "Atalik Suat"]
[Black "Grischuk Alexander"]
[Result "0-1"]
[WhiteTitle "GM"]
[WhiteElo "2575"]
[WhiteCountry "BIH"]
[BlackTitle "GM"]
[BlackElo "2702"]
[BlackCountry "RUS"]
[Remark "Bled 2002"]
[PresId "0000060011"]

1. d4 Nf6 2. c4 e6 3. Nf3 b6 4. a3 Bb7 5. Nc3 d5 6. Bg5 Be7 7. Rc1 O-O
8. e3 Nbd7 9. cxd5 exd5 10. Bd3 c5 11. O-O Ne4 12. Bxe7 Qxe7 13. dxc5
bxc5 14. Qe2 Rab8 15. Bxe4 dxe4 16. Nd2 f5 17. f3 Qe6 18. b4 exf3 19.
Nxf3 Kh8 20. b5 Rbe8 21. Na4 f4 22. Nxc5 Nxc5 23. Rxc5 fxe3 24. Rc3
Bxf3 25. gxf3 Qe5 26. Rfc1 h6 27. Kh1 Rf5 28. a4 Re7 29. Rd3 Qf4 30.
Rb1 Kh7 31. a5 Qc4 32. b6 Rxa5 33. Rxe3 Qxe2 34. Rxe2 Rxe2 35. b7 Re8
36. b8Q Rxb8 37. Rxb8 Ra2 38. f4 Kg6 39. Rf8 a5 40. f5+ Kg5 41. Rf7 a4
42. h4+ Kg4 43. Rxg7+ Kxf5 44. h5 Kf4 45. Kg1 a3 46. Ra7 Ke4 47. Ra8
Kd4 48. Rd8+ Kc3 49. Rc8+ Kd2 50. Ra8 Kc1 51. Ra6 Kb1 52. Kf1 Kc2 53.
Kg2 Kb3+ 54. Kg3 Ra1 55. Rxh6 Rg1+ 56. Kf4 a2 57. Ra6 Rc1 58. Ra8 Rc4+
59. Kg5 Ra4 60. Rb8+ Ka3 0-1
*

[Event "Bled 2002"]
[Site "Bled"]
[Date "2002.10.31"]
[Round "06"]
[White "Dizdarevic Emir"]
[Black "Svidler Peter"]
[Result "0-1"]
[WhiteTitle "GM"]
[WhiteElo "2520"]
[WhiteCountry "BIH"]
[BlackTitle "GM"]
[BlackElo "2690"]
[BlackCountry "RUS"]
[Remark "Bled 2002"]
[PresId "0000060013"]

1. Nf3 Nf6 2. g3 g6 3. b3 Bg7 4. Bb2 d6 5. d4 c5 6. Bg2 cxd4 7. Nxd4
d5 8. c4 dxc4 9. bxc4 O-O 10. O-O Qb6 11. Qc1 Bd7 12. Nd2 Nc6 13. c5
Qc7 14. Nb5 Qc8 15. Ne4 Nxe4 16. Bxe4 Ne5 17. Nd4 Rb8 18. Rb1 Qc7 19.
Qc2 Rfc8 20. Rfc1 Qa5 21. Qc3 Qxc3 22. Rxc3 Nc6 23. Nxc6 Bxc6 24. Rc4
b5 0-1
*

[Event "Bled 2002"]
[Site "Bled"]
[Date "2002.11.01"]
[Round "07"]
[White "Macieja Bartlomiej"]
[Black "Grischuk Alexander"]
[Result "1/2-1/2"]
[WhiteTitle "GM"]
[WhiteElo "2615"]
[WhiteCountry "POL"]
[BlackTitle "GM"]
[BlackElo "2702"]
[BlackCountry "RUS"]
[Remark "Bled 2002"]
[PresId "0000070012"]  
1. e4 e5 2. Nf3 Nc6 3. Bc4 Bc5 4. c3 Nf6 5. d3 a6 6. Nbd2 Ba7 7. Bb3
O-O 8. h3 d6 9. Nf1 d5 10. Qe2 dxe4 11. dxe4 Qe7 12. N3h2 Be6 13. Ng4
Bxb3 14. axb3 Qe6 15. b4 Ne7 16. Ng3 Ne8 17. Ne3 Nd6 18. Qg4 Qg6 19.
Nef5 Rfe8 20. Nxe7+ Rxe7 21. Nf5 Rd7 22. Qxg6 hxg6 23. Nxd6 Rxd6 24.
*

[Event "Bled 2002"]
[Site "Bled"]
[Date "2002.11.01"]
[Round "07"]
[White "Khalifman Alexander"]
[Black "Miton Kamil"]
[Result "1-0"]
[WhiteTitle "GM"]
[WhiteElo "2690"]
[WhiteCountry "RUS"]
[BlackTitle "IM"]
[BlackElo "2564"]
[BlackCountry "POL"]
[Remark "Bled 2002"]
[PresId "0000070013"]  
1. Nf3 c5 2. c4 Nc6 3. Nc3 g6 4. e3 Bg7 5. d4 d6 6. d5 Na5 7. e4 Nf6
8. h3 O-O 9. Bd3 a6 10. a4 e6 11. O-O exd5 12. cxd5 Re8 13. Re1 Bd7
14. Bf4 Nh5 15. Bxd6 Bxh3 16. Bh2 Bg4 17. e5 Qb6 18. Rb1 Rad8 19. Re4
Bf5 20. Rh4 Bxd3 21. Qxd3 c4 22. Qc2 f5 23. d6 Qc5 24. Rd1 Nc6 25. Rd5
Qb6 26. Rxc4 f4 27. a5 Qa7 28. Re4 b5 29. Nxb5 axb5 30. Qxc6 Nf6 31.
exf6 Rxe4 32. Rd1 Rc4 33. Qxb5 Qc5 34. Qb3 Bxf6 35. Rc1 Rc8 36. Nd2
*

[Event "Bled 2002"]
[Site "Bled"]
[Date "2002.11.01"]
[Round "07"]
[White "Kempinski Robert"]
[Black "Morozevich Alexander"]
[Result "1/2-1/2"]
[WhiteTitle "GM"]
[WhiteElo "2532"]
[WhiteCountry "POL"]
[BlackTitle "GM"]
[BlackElo "2707"]
[BlackCountry "RUS"]
[Remark "Bled 2002"]
[PresId "0000070014"]  
1. d4 d5 2. c4 c6 3. Nf3 Nf6 4. Nc3 dxc4 5. a4 Bf5 6. Ne5 Nbd7 7. Nxc4
Qc7 8. g3 e5 9. dxe5 Nxe5 10. Bf4 Nfd7 11. Bg2 g5 12. Nxe5 gxf4 13.
Nxd7 O-O-O 14. Qd4 Qxd7 15. Qxf4 Bd6 16. Qc1 Kb8 17. a5 a6 18. O-O Qe7
19. Ra4 Bc7 20. Rh4 Rhg8 21. Kh1 Rg4 22. Rxg4 Bxg4 23. Qh6 Qb4 24.
Qxh7 Qxb2 25. Qg7 Bxe2 26. Rb1 Qxb1+ 27. Nxb1 Rd1+ 28. Bf1 Rxf1+ 29.
Kg2 Rxb1 30. h4 Bf1+ 31. Kh2 Bxa5 32. h5 Bb6 33. h6 Bd3 34. f3 Rf1 35.
Qxf7 Ka7 36. g4 Bd4 37. g5 c5 38. g6 Bxg6 39. Qxg6 Rxf3 40. h7 Rf6 41.
Qg5 Rc6 42. Kg2 Rd6 43. Kf3 Kb6 44. Qh4 a5 45. h8Q Bxh8 46. Qxh8 Rd4
47. Qe8 a4 48. Ke2 Ka7 49. Qe7 Kb6 50. Qe8 Kc7 51. Qb5 b6 52. Qa6 Kc6
53. Ke3 Rh4 54. Kd2 Rh2+ 55. Kc1 Rh4 56. Kc2 Rb4 57. Kc3 Rd4 58. Kc2
*

[Event "Bled 2002"]
[Site "Bled"]
[Date "2002.11.02"]
[Round "08"]
[White "Tiviakov Sergei"]
[Black "Morozevich Alexander"]
[Result "1/2-1/2"]
[WhiteTitle "GM"]
[WhiteElo "2631"]
[WhiteCountry "NED"]
[BlackTitle "GM"]
[BlackElo "2707"]
[BlackCountry "RUS"]
[Remark "Bled 2002"]
[PresId "0000080012"]

1. e4 e5 2. Nf3 Nc6 3. Bc4 Bc5 4. c3 Nf6 5. d3 a6 6. Bb3 d6 7. Be3
Bxe3 8. fxe3 Ne7 9. Nbd2 Ng6 10. O-O O-O 11. Qe1 c6 12. Nh4 a5 13.
Nxg6 hxg6 14. a4 d5 15. exd5 cxd5 16. Nf3 Qb6 17. Ba2 Re8 18. Ng5 Bf5
19. Rd1 e4 20. dxe4 Bxe4 21. Qf2 Re7 22. Rd4 Bf5 23. Bxd5 Nxd5 24. e4
Nf6 25. exf5 gxf5 26. Qxf5 Rae8 27. Qb5 Qxb5 28. axb5 Re5 29. h4 Rxb5
30. Rf2 Kf8 31. Kh2 Re3 32. g4 Ke7 33. Kg2 b6 34. Rdf4 Rd5 35. Nxf7
Ne4 36. Rc2 Nc5 37. Rd4 Rxd4 38. cxd4 Ne6 39. Ng5 Nxg5 40. hxg5 Kd6
41. Rf2 a4 42. g6 b5 43. Kf1 b4 44. Rf8 Re4 45. Rd8+ Kc6 46. d5+ Kb5
47. d6 Kc6 48. Ra8 Kxd6 49. Rxa4 Rxg4 50. Ra7 Kd5 51. Rxg7 Kc4 52. Rg8
Kb3 53. g7 Kxb2 54. Rb8 Rxg7 55. Rxb4+ 1/2-1/2
*

[Event "Bled 2002"]
[Site "Bled"]
[Date "2002.11.02"]
[Round "08"]
[White "Nijboer Friso"]
[Black "Rublevsky Sergei"]
[Result "1-0"]
[WhiteTitle "GM"]
[WhiteElo "2556"]
[WhiteCountry "NED"]
[BlackTitle "GM"]
[BlackElo "2664"]
[BlackCountry "RUS"]
[Remark "Bled 2002"]
[PresId "0000080014"]

1. e4 c5 2. Nf3 e6 3. Nc3 a6 4. d4 cxd4 5. Nxd4 Nc6 6. Nxc6 bxc6 7.
Bd3 d5 8. O-O Nf6 9. Re1 Bb7 10. Bf4 Be7 11. e5 Nd7 12. Na4 c5 13. c4
d4 14. b3 Bg5 15. Qg4 Bxf4 16. Qxf4 h6 17. Be4 Bxe4 18. Qxe4 a5 19.
Rad1 g6 20. Rd3 Kf8 21. Rg3 Kg7 22. h4 h5 23. Rg5 Ra7 24. Rd1 Qa8 25.
Qf4 Qc6 26. Rd3 Raa8 27. Nb2 Rh6 28. Rf3 Rf8 29. Qd2 Qe4 30. Nd3 Ra8
31. Rgg3 Rf8 32. Qg5 Rh7 33. Qe7 Qc6 34. Rxg6+ Kh8 35. Rgf6 Rg7 36.
Rh6+ Kg8 37. Rg3 1-0
*

[Event "Bled 2002"]
[Site "Bled"]
[Date "2002.11.02"]
[Round "08"]
[White "Svidler Peter"]
[Black "Van Den Doel Erik"]
[Result "1-0"]
[WhiteTitle "GM"]
[WhiteElo "2690"]
[WhiteCountry "RUS"]
[BlackTitle "GM"]
[BlackElo "2594"]
[BlackCountry "NED"]
[Remark "Bled 2002"]
[PresId "0000080013"]

1. e4 e5 2. Nf3 Nc6 3. Bb5 Nf6 4. O-O Nxe4 5. d4 Nd6 6. Bxc6 dxc6 7.
dxe5 Nf5 8. Qxd8+ Kxd8 9. Nc3 Ke8 10. h3 Be7 11. Rd1 Nh4 12. Nxh4 Bxh4
13. Ne2 Be7 14. Be3 h5 15. Rd2 h4 16. Rad1 Rh5 17. Bf4 Be6 18. Nd4 Bd5
19. b3 Rd8 20. c4 Be4 21. e6 Bf6 22. Bxc7 Rxd4 23. Rxd4 Bxd4 24. Rxd4
Bb1 25. Rd8+ Ke7 26. exf7 Kxf7 27. Rb8 b5 28. a4 bxa4 29. bxa4 Ba2 30.
Rb7 Bxc4 31. Rxa7 Ke6 32. Bd8 Rh8 33. Bg5 g6 34. a5 Bd5 35. a6 c5 36.
Rc7 c4 37. a7 Rf8 38. Bxh4 Rf4 39. Re7+ Kd6 40. Re8 Rxh4 41. Rd8+ Ke6
42. Rxd5 Rh8 43. Ra5 Ra8 44. Kf1 1-0
*

[Event "Bled 2002"]
[Site "Bled"]
[Date "2002.11.04"]
[Round "09"]
[White "Grischuk Alexander"]
[Black "Polgar Judit"]
[Result "1/2-1/2"]
[WhiteTitle "GM"]
[WhiteElo "2702"]
[WhiteCountry "RUS"]
[BlackTitle "GM"]
[BlackElo "2685"]
[BlackCountry "HUN"]
[Remark "Bled 2002"]
[PresId "0000090012"]

1. e4 c5 2. Nf3 e6 3. d4 cxd4 4. Nxd4 Nc6 5. Nc3 Qc7 6. Be2 a6 7. O-O
Nf6 8. Be3 Bb4 9. Na4 Be7 10. Nxc6 bxc6 11. Nb6 Rb8 12. Nxc8 Qxc8 13.
Bd4 c5 14. Be5 Rb6 15. Qd3 d6 16. Bc3 O-O 17. b3 Qc6 18. f3 Rc8 19.
Kh1 Qb7 20. Rad1 c4 21. bxc4 Nd7 22. f4 Nc5 23. Qd4 e5 24. fxe5 dxe5
25. Qxe5 Bf6 26. Qf5 g6 27. Qh3 1/2-1/2
*

[Event "Bled 2002"]
[Site "Bled"]
[Date "2002.11.04"]
[Round "09"]
[White "Leko Peter"]
[Black "Kasparov Garry"]
[Result "1/2-1/2"]
[WhiteTitle "GM"]
[WhiteElo "2743"]
[WhiteCountry "HUN"]
[BlackTitle "GM"]
[BlackElo "2838"]
[BlackCountry "RUS"]
[Remark "Bled 2002"]
[PresId "0000090011"]

1. e4 c5 2. Nf3 d6 3. d4 cxd4 4. Nxd4 Nf6 5. Nc3 a6 6. f3 e5 7. Nb3
Be6 8. Be3 Nbd7 9. g4 b5 10. g5 b4 11. Nd5 Nxd5 12. exd5 Bf5 13. Bd3
Bxd3 14. Qxd3 Be7 15. h4 O-O 16. O-O-O a5 17. Nd2 a4 18. Kb1 f5 19. f4
Qc7 20. Nc4 exf4 21. Bd4 Nc5 22. Bxc5 Qxc5 23. Rhf1 Rfe8 24. Rxf4 g6
25. Qd4 Qxd4 26. Rfxd4 h6 27. Rg1 a3 28. bxa3 bxa3 29. c3 hxg5 30.
hxg5 Bf8 31. Kc2 Bg7 32. Rd3 Re4 33. Nxd6 Re2+ 34. Rd2 Rxd2+ 35. Kxd2
Rd8 36. Nc4 Rxd5+ 37. Kc2 Rc5 38. Kd3 Rd5+ 39. Kc2 Bf8 40. Re1 f4 41.
Re5 Rd7 42. Re4 Rf7 43. Ne5 Rf5 44. Nf3 Rb5 45. Kd3 Rb2 46. Re2 Bg7
47. c4 Kf7 48. c5 Rxe2 49. Kxe2 Ke6 50. Nh4 Bf8 51. c6 Be7 52. Nxg6
Bxg5 53. Ne5 Bd8 54. Nc4 Kd5 1/2-1/2
*

[Event "Bled 2002"]
[Site "Bled"]
[Date "2002.11.05"]
[Round "10"]
[White "Kasparov Garry"]
[Black "Ye Jiangchuan"]
[Result "1-0"]
[WhiteTitle "GM"]
[WhiteElo "2838"]
[WhiteCountry "RUS"]
[BlackTitle "GM"]
[BlackElo "2667"]
[BlackCountry "CHN"]
[Remark "Bled 2002"]
[PresId "0000100011"]

1. e4 c5 2. Nf3 e6 3. d4 cxd4 4. Nxd4 Nc6 5. Nc3 Qc7 6. Be3 a6 7. Qd2
Nf6 8. O-O-O Bb4 9. f3 Ne5 10. Nb3 b5 11. Bd4 Be7 12. Qf2 d6 13. Kb1
O-O 14. g4 Nfd7 15. Rg1 Bb7 16. g5 Rfc8 17. a3 Nc4 18. Bxc4 bxc4 19.
Nc1 Rab8 20. N1e2 Bc6 21. Ka1 Qa5 22. Na2 e5 23. Bc3 Qc7 24. Ng3 g6
25. Nf1 Nc5 26. Ne3 a5 27. Qd2 Rb5 28. h4 Ne6 29. Rb1 Rc5 30. Nc1 Rd8
31. Ng4 d5 32. Bxe5 dxe4 33. Qc3 Rxe5 34. Qxe5 Qxe5 35. Nxe5 Ba4 36.
c3 exf3 37. Rf1 Bc2 38. Nxc4 Bxb1 39. Kxb1 a4 40. Ne5 h6 41. Rxf3 hxg5
42. Rxf7 Bd6 43. Rf6 Bxe5 44. Rxe6 Bf4 45. Ne2 Rd1+ 46. Ka2 Kf7 47.
Ra6 Re1 48. Nxf4 gxf4 49. Rxa4 Rf1 50. c4 Ke6 51. c5 Kd5 52. Ra6 Ke5
53. Rxg6 f3 54. Rg8 Rc1 55. Rf8 Ke4 56. b4 Ke3 57. Kb2 Rc4 58. Kb3 Rc1
59. h5 f2 60. h6 f1Q 61. Rxf1 Rxf1 62. Kc4 Ke4 63. c6 Rh1 64. Kc5 Rh5+
65. Kb6 Rxh6 66. Kb7 1-0
*

[Event "Bled 2002"]
[Site "Bled"]
[Date "2002.11.05"]
[Round "10"]
[White "Bu Xiangzhi"]
[Black "Morozevich Alexander"]
[Result "1/2-1/2"]
[WhiteTitle "GM"]
[WhiteElo "2601"]
[WhiteCountry "CHN"]
[BlackTitle "GM"]
[BlackElo "2707"]
[BlackCountry "RUS"]
[Remark "Bled 2002"]
[PresId "0000100014"]

1. d4 d5 2. Nf3 Nf6 3. c4 c6 4. e3 a6 5. Nbd2 Bf5 6. Nh4 Be4 7. Qb3
Ra7 8. a4 e6 9. a5 c5 10. f3 Bg6 11. cxd5 exd5 12. Nxg6 hxg6 13. Qb6
Qxb6 14. axb6 Ra8 15. Nb3 c4 16. Na5 Bb4+ 17. Bd2 Bxa5 18. Rxa5 Nc6
19. Rc5 Ke7 20. Bc3 Rhd8 21. Kf2 Kf8 22. e4 dxe4 23. Bxc4 exf3 24.
gxf3 Nd7 25. Rg5 Nxb6 26. Ba2 Na4 27. h4 Rac8 28. h5 f6 29. Rxg6 Nxc3
30. bxc3 Ne7 31. Rg4 Rxc3 32. Be6 Rc2+ 33. Kg3 Rd6 34. h6 gxh6 35. d5
f5 36. Rgh4 Nxd5 37. Rxh6 Ne3 38. Kf4 Ke7 39. Bb3 Rxh6 40. Rxh6 Ng2+
41. Kxf5 Rc5+ 42. Ke4 Rb5 43. Bd5 a5 44. Bxb7 Rb4+ 1/2-1/2
*

[Event "Bled 2002"]
[Site "Bled"]
[Date "2002.11.06"]
[Round "11"]
[White "Dautov Rustem"]
[Black "Morozevich Alexander"]
[Result "1/2-1/2"]
[WhiteTitle "GM"]
[WhiteElo "2617"]
[WhiteCountry "GER"]
[BlackTitle "GM"]
[BlackElo "2707"]
[BlackCountry "RUS"]
[Remark "Bled 2002"]
[PresId "0000110013"]

1. d4 d5 2. c4 c6 3. Nf3 Nf6 4. Nc3 a6 5. a4 e6 6. Bg5 Nbd7 7. a5 dxc4
8. e3 h6 9. Bxf6 Nxf6 10. Bxc4 Bb4 11. Qa4 Qe7 12. O-O O-O 13. Ne5 Bd6
14. Nd3 c5 15. dxc5 Bxc5 16. Nxc5 Qxc5 17. Be2 Bd7 18. Ne4 Bxa4 19.
Nxc5 Bc6 20. Rfc1 Rfc8 21. f3 Kf8 22. e4 Ke7 23. Kf2 Nd7 24. Ke3 Nxc5
25. Rxc5 Bd7 26. Rac1 Rxc5 27. Rxc5 b6 28. axb6 Rb8 29. Kd4 Rxb6 30.
Kc3 f6 31. Rc7 a5 32. Ra7 Rc6+ 33. Bc4 Rc5 34. Kd4 Rh5 35. h3 Kd6 36.
Ra6+ Ke7 37. b3 g6 38. Be2 Bb5 39. Ra7+ Kd6 40. Bc4 Bd7 41. Ra6+ Ke7
42. Ra8 Kd6 43. Rg8 a4 44. bxa4 Ra5 45. Rxg6 Rxa4 46. Kc3 Ke5 47. Rxh6
f5 48. exf5 exf5 49. Rh7 Bc6 50. Rc7 Ba8 51. Bb3 Ra1 52. Bc2 Rg1 53.
Re7+ Kf4 54. Re2 Bc6 55. Bd3 Bd7 56. Re7 Bc6 57. Re2 Bd7 58. h4 Bc6
59. h5 Rh1 60. Re6 Bd7 61. Rd6 Be8 62. h6 Kg5 63. Rd5 Bg6 64. Bxf5
Bxf5 65. g4 Kxh6 66. Rxf5 Rd1 67. Kc4 Kg6 68. Rd5 Rf1 69. Rf5 Rd1 70.
f4 Rd2 71. Rd5 Rf2 72. Rd6+ Kf7 73. Rd4 Rg2 74. f5 Kf6 75. Kd3 Kg5 76.
Re4 Ra2 77. Kc4 Ra4+ 78. Kd5 Ra5+ 79. Ke6 Ra7 80. Rd4 Rb7 81. Rd5 Rb6+
82. Ke7 Rb7+ 83. Rd7 Rb6 84. Kf8 Kxg4 85. Rf7 Kg5 86. Kg7 Rh6 87. Rf8
Rh3 88. Rf7 Rh6 89. Rf8 Rh3 90. f6 Rh6 1/2-1/2
*
